[Event "Moscow-4teams"]
[Site "Moscow"]
[Date "1981.02.27"]
[Round "5.4"]
[White "Vasiukov, Evgeni"]
[Black "Dolmatov, Sergey"]
[Result "0-1"]
[WhiteElo "2545"]
[BlackElo "2545"]
[PlyCount "118"]
[EventDate "1981.02.22"]
[EventType "team"]
[EventRounds "6"]
[EventCountry "URS"]
[SourceTitle "MCL"]
[Source "ChessBase"]
[SourceDate "1999.07.01"]
[SourceVersion "1"]
[SourceVersionDate "1999.07.01"]
[SourceQuality "1"]
[WhiteTeam "Soviet Union Seniors"]
[BlackTeam "Soviet Union U20"]
[WhiteTeamCountry "URS"]
[BlackTeamCountry "URS"]

1. e4 e5 2. Nf3 Nf6 3. Nxe5 d6 4. Nf3 Nxe4 5. d4 d5 6. Bd3 Be7 7. O-O Nc6 8. c4
Nf6 9. Nc3 O-O 10. cxd5 Nb4 11. Re1 Nfxd5 12. Bb1 Bg4 13. a3 Nxc3 14. bxc3 Nd5
15. Qd3 g6 16. Bh6 Re8 17. Ba2 Bf5 18. Qd2 c6 19. c4 Nf6 20. h3 c5 21. Bb1 Bd7
22. d5 Bf8 23. Rxe8 Nxe8 24. Bxf8 Kxf8 25. Qh6+ Kg8 26. Ng5 Nf6 27. Bd3 Qa5 28.
Ne4 Nxe4 29. Bxe4 Qc3 30. Qc1 Qxc1+ 31. Rxc1 Ba4 32. Bf3 Re8 33. Kf1 Kf8 34.
Rb1 b6 35. h4 Re5 36. g3 Ke7 37. Bd1 Bxd1 38. Rxd1 Kd6 39. a4 Re4 40. Rc1 f5
41. Rc3 f4 42. Kg2 fxg3 43. Kxg3 a6 44. f3 Rd4 45. Rb3 b5 46. axb5 axb5 47.
Rxb5 Rxc4 48. Rb7 Rd4 49. Rxh7 c4 50. Rh8 Rxd5 51. Kf4 c3 52. Rc8 Rc5 53. Rd8+
Kc6 54. Rd1 Kb5 55. Ke4 Kc4 56. Rc1 Kb3 57. Kd4 Rc4+ 58. Kd3 c2 59. f4 Kb2 0-1

[Event "Moscow-4teams"]
[Site "Moscow"]
[Date "1981.02.28"]
[Round "6.4"]
[White "Dolmatov, Sergey"]
[Black "Petrosian, Tigran V"]
[Result "1-0"]
[WhiteElo "2545"]
[BlackElo "2585"]
[PlyCount "79"]
[EventDate "1981.02.22"]
[EventType "team"]
[EventRounds "6"]
[EventCountry "URS"]
[SourceTitle "MCL"]
[Source "ChessBase"]
[SourceDate "1999.07.01"]
[SourceVersion "1"]
[SourceVersionDate "1999.07.01"]
[SourceQuality "1"]
[WhiteTeam "Soviet Union U20"]
[BlackTeam "Soviet Union"]
[WhiteTeamCountry "URS"]
[BlackTeamCountry "URS"]

1. e4 Nf6 2. e5 Nd5 3. d4 d6 4. Nf3 c6 5. Be2 g6 6. c4 Nc7 7. exd6 Qxd6 8. Nc3
Bg7 9. Be3 Nba6 10. Qd2 Bg4 11. O-O O-O 12. Rad1 Rad8 13. Qc1 b5 14. b3 bxc4
15. bxc4 Qb4 16. a3 Qa5 17. Ne5 Bxe5 18. Bxg4 Bg7 19. Ne2 Qa4 20. Nf4 Ne8 21.
d5 Nf6 22. Bf3 cxd5 23. Nxd5 Nxd5 24. Rxd5 Nc7 25. Rxd8 Rxd8 26. c5 Rd3 27. Qb1
Rb3 28. Qd1 Ne6 29. c6 Rxa3 30. Qd7 h5 31. Qxe7 Bf8 32. Qd7 a5 33. g3 Qb5 34.
Rc1 h4 35. Qb7 Qe5 36. c7 Nxc7 37. Bf4 Qf6 38. Rxc7 g5 39. Rxf7 h3 40. Rc7 1-0

[Event "URS Spartakiad"]
[Site "Moscow"]
[Date "1981.??.??"]
[Round "?"]
[White "Mochalov, Evgeny"]
[Black "Dolmatov, Sergey"]
[Result "0-1"]
[WhiteElo "2430"]
[BlackElo "2545"]
[PlyCount "70"]
[EventDate "1981.05.16"]
[EventType "tourn"]
[EventRounds "9"]
[EventCountry "URS"]
[SourceTitle "EXT 2002"]
[Source "ChessBase"]
[SourceDate "2001.11.25"]
[SourceVersion "1"]
[SourceVersionDate "2001.11.25"]
[SourceQuality "1"]

1. Nf3 d5 2. c4 c6 3. d4 Nf6 4. Qc2 g6 5. cxd5 cxd5 6. Nc3 Bg7 7. Bf4 O-O 8. e3
Nc6 9. Bb5 Bf5 10. Qa4 Na5 11. Be2 a6 12. Ne5 Re8 13. O-O b5 14. Qd1 Rc8 15.
Rc1 h6 16. h3 g5 17. Bh2 e6 18. f3 Nd7 19. Nxd7 Qxd7 20. Bd3 Nc4 21. Bxc4 Rxc4
22. Qd2 Rec8 23. b3 R4c6 24. Rfd1 Bf8 25. e4 Bg6 26. exd5 exd5 27. Nb1 Rc2 28.
Rxc2 Rxc2 29. Qa5 Qe7 30. Re1 Qb4 31. Qxb4 Bxb4 32. Re8+ Kg7 33. a3 Ba5 34. Ra8
Rc1+ 35. Kf2 Rxb1 0-1

[Event "CSR-ch int"]
[Site "Hradec Kralove"]
[Date "1981.10.08"]
[Round "1"]
[White "Dely, Peter"]
[Black "Dolmatov, Sergey"]
[Result "0-1"]
[WhiteElo "2415"]
[BlackElo "2575"]
[PlyCount "72"]
[EventDate "1981.10.08"]
[EventType "tourn"]
[EventRounds "15"]
[EventCountry "CZE"]
[EventCategory "9"]
[SourceTitle "MCD"]
[Source "ChessBase"]
[SourceDate "1999.07.01"]
[SourceVersion "1"]
[SourceVersionDate "1999.07.01"]
[SourceQuality "1"]

1. e4 e6 2. d4 d5 3. exd5 exd5 4. Nf3 Nf6 5. Bd3 Be7 6. h3 O-O 7. O-O c5 8.
dxc5 Bxc5 9. Bg5 h6 10. Bh4 Nc6 11. Nbd2 Bb6 12. c3 g5 13. Bg3 Nh5 14. Bh2 Qf6
15. Nb3 Nf4 16. Bxf4 Qxf4 17. Bc2 Bf5 18. Bxf5 Qxf5 19. Rc1 Rfe8 20. Rc2 Re4
21. Rd2 Rd8 22. Nbd4 Nxd4 23. Nxd4 Qf4 24. g3 Qe5 25. Kg2 Bxd4 26. cxd4 Qe7 27.
Qc2 Rd6 28. Rc1 Rc6 29. Qd1 Rf6 30. Rc5 b6 31. Rxd5 Re1 32. Qg4 Qb7 33. Qd7 Qa6
34. Qb5 Qxa2 35. Rd8+ Kg7 36. Qb4 Qb1 0-1

[Event "CSR-ch int"]
[Site "Hradec Kralove"]
[Date "1981.10.10"]
[Round "3"]
[White "Dolmatov, Sergey"]
[Black "Smejkal, Jan"]
[Result "1-0"]
[WhiteElo "2575"]
[BlackElo "2540"]
[PlyCount "149"]
[EventDate "1981.10.08"]
[EventType "tourn"]
[EventRounds "15"]
[EventCountry "CZE"]
[EventCategory "9"]
[SourceTitle "MCD"]
[Source "ChessBase"]
[SourceDate "1999.07.01"]
[SourceVersion "1"]
[SourceVersionDate "1999.07.01"]
[SourceQuality "1"]

1. e4 e5 2. Nf3 Nc6 3. Bc4 Nf6 4. d3 Be7 5. O-O O-O 6. c3 d6 7. Bb3 Na5 8. Bc2
c5 9. h3 Nc6 10. d4 cxd4 11. cxd4 Qb6 12. d5 Nb4 13. Be3 Qa6 14. Nc3 Nxc2 15.
Qxc2 Bd7 16. a4 Rfc8 17. Qb3 Bd8 18. Qa3 Ba5 19. b4 Bb6 20. Bxb6 Qxb6 21. a5
Qa6 22. Rfe1 Qc4 23. Re3 a6 24. Rc1 Qc7 25. Nd2 Qd8 26. Nd1 Rxc1 27. Qxc1 Rc8
28. Rc3 Rxc3 29. Qxc3 Ne8 30. Ne3 Nc7 31. Nec4 Bb5 32. Nb6 g6 33. Qe3 Kg7 34.
g3 h5 35. f4 Qf6 36. Nf3 exf4 37. gxf4 Qa1+ 38. Kg2 Qb2+ 39. Qd2 Qxd2+ 40. Nxd2
Kf6 41. Nc8 Ne8 42. h4 Bd7 43. Nb6 Ke7 44. Kg3 f6 45. Na8 Bb5 46. Kf3 Kd8 47.
Ke3 Bd7 48. Nf3 Bh3 49. Ne1 Ke7 50. Kd4 Bf1 51. Ke3 Bh3 52. Kf2 Bd7 53. Nf3 Bg4
54. Nd4 Bd7 55. Ke3 Bh3 56. b5 axb5 57. Nxb5 Bf1 58. Nc3 Bg2 59. Kf2 Bh3 60.
Nb5 Bd7 61. Nac7 Nxc7 62. Nxc7 Kd8 63. Na8 Ke7 64. Nb6 Bh3 65. Nc4 Bg4 66. Ke3
Bd7 67. e5 dxe5 68. fxe5 g5 69. hxg5 fxg5 70. Nd6 h4 71. Nxb7 h3 72. Kf2 Bg4
73. Kg3 h2 74. Kxh2 Bf3 75. d6+ 1-0

[Event "CSR-ch int"]
[Site "Hradec Kralove"]
[Date "1981.10.12"]
[Round "5"]
[White "Dolmatov, Sergey"]
[Black "Prandstetter, Eduard"]
[Result "1-0"]
[WhiteElo "2575"]
[BlackElo "2415"]
[PlyCount "49"]
[EventDate "1981.10.08"]
[EventType "tourn"]
[EventRounds "15"]
[EventCountry "CZE"]
[EventCategory "9"]
[SourceTitle "MCD"]
[Source "ChessBase"]
[SourceDate "1999.07.01"]
[SourceVersion "1"]
[SourceVersionDate "1999.07.01"]
[SourceQuality "1"]

1. e4 e6 2. d4 d5 3. Nd2 Nf6 4. e5 Nfd7 5. c3 c5 6. f4 Nc6 7. Ndf3 Qa5 8. Be3
b5 9. dxc5 b4 10. a3 b3 11. Ne2 Bxc5 12. Bxc5 Nxc5 13. Ned4 Nxd4 14. Nxd4 O-O
15. Be2 Ba6 16. O-O Bxe2 17. Qxe2 Qb6 18. Kh1 a5 19. Rad1 Qa6 20. Qe3 Rae8 21.
Rf3 a4 22. f5 exf5 23. Nxf5 Nd7 24. Qg5 g6 25. Qh6 1-0

[Event "CSR-ch int"]
[Site "Hradec Kralove"]
[Date "1981.10.14"]
[Round "6"]
[White "Hausner, Ivan"]
[Black "Dolmatov, Sergey"]
[Result "0-1"]
[WhiteElo "2435"]
[BlackElo "2575"]
[PlyCount "88"]
[EventDate "1981.10.08"]
[EventType "tourn"]
[EventRounds "15"]
[EventCountry "CZE"]
[EventCategory "9"]
[SourceTitle "MCD"]
[Source "ChessBase"]
[SourceDate "1999.07.01"]
[SourceVersion "1"]
[SourceVersionDate "1999.07.01"]
[SourceQuality "1"]

1. d4 d5 2. c4 c6 3. cxd5 cxd5 4. Nc3 Nf6 5. Bf4 Nc6 6. e3 Bf5 7. Nf3 e6 8. Bb5
Nd7 9. Qa4 Rc8 10. O-O a6 11. Bxc6 Rxc6 12. Rfc1 Be7 13. Ne2 Qb6 14. Rxc6 bxc6
15. Rc1 Bd3 16. Qd1 Bxe2 17. Qxe2 O-O 18. Ne5 Nxe5 19. Bxe5 Rc8 20. h3 Qb5 21.
Kf1 f6 22. Bg3 Kf7 23. Rc2 h5 24. b3 Qxe2+ 25. Kxe2 Ke8 26. Kd3 Kd7 27. f3 g5
28. h4 g4 29. fxg4 hxg4 30. Bf4 Rh8 31. g3 c5 32. e4 Rh5 33. dxc5 dxe4+ 34.
Kxe4 Bxc5 35. Rd2+ Ke7 36. Bc7 Rf5 37. Bf4 a5 38. Rd3 Bb4 39. Rd1 Kf7 40. Rd8
Rc5 41. Bd6 f5+ 42. Ke3 Rc3+ 43. Kf4 Bxd6+ 44. Rxd6 Kf6 0-1

[Event "CSR-ch int"]
[Site "Hradec Kralove"]
[Date "1981.10.15"]
[Round "7"]
[White "Dolmatov, Sergey"]
[Black "Lechtynsky, Jiri"]
[Result "1-0"]
[WhiteElo "2575"]
[BlackElo "2455"]
[PlyCount "115"]
[EventDate "1981.10.08"]
[EventType "tourn"]
[EventRounds "15"]
[EventCountry "CZE"]
[EventCategory "9"]
[SourceTitle "MCD"]
[Source "ChessBase"]
[SourceDate "1999.07.01"]
[SourceVersion "1"]
[SourceVersionDate "1999.07.01"]
[SourceQuality "1"]

1. e4 c6 2. d4 d5 3. exd5 cxd5 4. c4 Nf6 5. Nc3 Nc6 6. Nf3 Bg4 7. cxd5 Nxd5 8.
Qb3 Bxf3 9. gxf3 e6 10. Qxb7 Nxd4 11. Bb5+ Nxb5 12. Qc6+ Ke7 13. Qxb5 Qd7 14.
Nxd5+ Qxd5 15. Bg5+ f6 16. Qxd5 exd5 17. Be3 Kf7 18. O-O-O Rd8 19. Rd3 Rd7 20.
Rhd1 Ke6 21. a3 Be7 22. Rc3 Rhd8 23. Rc6+ Bd6 24. h3 Ke5 25. f4+ Ke4 26. Rd4+
Kf3 27. Rxd5 Bxf4 28. Rf5 Rd1+ 29. Kc2 R8d2+ 30. Kb3 Rd3+ 31. Ka4 g5 32. Rcxf6
Kg2 33. Bxf4 gxf4 34. Rxf4 Rxh3 35. Rg4+ Kf1 36. Rg7 Rd4+ 37. b4 a5 38. Rg3 Rh5
39. f4 axb4 40. axb4 Rc5 41. Rd3 Re4 42. Rh6 Rcc4 43. Rb3 Rxf4 44. Rxh7 Kg2 45.
Rd7 Rc2 46. Rdd3 Ra2+ 47. Ra3 Rb2 48. Rdb3 Re2 49. Ka5 Rf8 50. b5 Ra8+ 51. Kb6
Rg8 52. Ka6 Ra8+ 53. Kb7 Rg8 54. b6 Re7+ 55. Ka6 Ra8+ 56. Kb5 Re5+ 57. Kc6 Re6+
58. Kb7 1-0

[Event "CSR-ch int"]
[Site "Hradec Kralove"]
[Date "1981.10.16"]
[Round "8"]
[White "Jansa, Vlastimil"]
[Black "Dolmatov, Sergey"]
[Result "1/2-1/2"]
[WhiteElo "2480"]
[BlackElo "2575"]
[PlyCount "28"]
[EventDate "1981.10.08"]
[EventType "tourn"]
[EventRounds "15"]
[EventCountry "CZE"]
[EventCategory "9"]
[SourceTitle "MCD"]
[Source "ChessBase"]
[SourceDate "1999.07.01"]
[SourceVersion "1"]
[SourceVersionDate "1999.07.01"]
[SourceQuality "1"]

1. e4 e6 2. d4 d5 3. Nd2 c5 4. Ngf3 Nc6 5. exd5 exd5 6. Bb5 Bd6 7. dxc5 Bxc5 8.
O-O Nge7 9. Nb3 Bd6 10. Re1 O-O 11. Bg5 a6 12. Be2 Bf5 13. Bh4 Bg6 14. c3 Qc7
1/2-1/2

[Event "CSR-ch int"]
[Site "Hradec Kralove"]
[Date "1981.10.17"]
[Round "9"]
[White "Dolmatov, Sergey"]
[Black "Plachetka, Jan"]
[Result "1-0"]
[WhiteElo "2575"]
[BlackElo "2445"]
[PlyCount "71"]
[EventDate "1981.10.08"]
[EventType "tourn"]
[EventRounds "15"]
[EventCountry "CZE"]
[EventCategory "9"]
[SourceTitle "MCD"]
[Source "ChessBase"]
[SourceDate "1999.07.01"]
[SourceVersion "1"]
[SourceVersionDate "1999.07.01"]
[SourceQuality "1"]

1. e4 d6 2. d4 Nf6 3. Bd3 e5 4. c3 Nc6 5. Nf3 Be7 6. O-O O-O 7. h3 exd4 8. cxd4
Nb4 9. Nc3 Nxd3 10. Qxd3 Re8 11. Re1 c6 12. Be3 b5 13. a3 a6 14. Nd2 Bb7 15. f4
c5 16. d5 Bf8 17. b4 cxb4 18. axb4 Rc8 19. Bd4 Nd7 20. Re3 Nb6 21. Nxb5 axb5
22. Qxb5 Nxd5 23. exd5 Rxe3 24. Bxe3 Qe7 25. Nf1 Ra8 26. Rxa8 Bxa8 27. Bf2 h5
28. Ne3 Qe4 29. Qb8 Bxd5 30. Nxd5 Qxd5 31. b5 f5 32. b6 Qd1+ 33. Kh2 Qd2 34.
Bg1 Qxf4+ 35. Kh1 Qb4 36. b7 1-0

[Event "CSR-ch int"]
[Site "Hradec Kralove"]
[Date "1981.10.18"]
[Round "10"]
[White "Meduna, Eduard"]
[Black "Dolmatov, Sergey"]
[Result "1/2-1/2"]
[WhiteElo "2485"]
[BlackElo "2575"]
[PlyCount "22"]
[EventDate "1981.10.08"]
[EventType "tourn"]
[EventRounds "15"]
[EventCountry "CZE"]
[EventCategory "9"]
[SourceTitle "MCD"]
[Source "ChessBase"]
[SourceDate "1999.07.01"]
[SourceVersion "1"]
[SourceVersionDate "1999.07.01"]
[SourceQuality "1"]

1. d4 d5 2. c4 c6 3. cxd5 cxd5 4. Nc3 Nf6 5. Nf3 Nc6 6. Bf4 Bf5 7. e3 e6 8. Bd3
Bxd3 9. Qxd3 Be7 10. O-O O-O 11. Rfc1 Nh5 1/2-1/2

[Event "CSR-ch int"]
[Site "Hradec Kralove"]
[Date "1981.10.20"]
[Round "11"]
[White "Dolmatov, Sergey"]
[Black "Pribyl, Josef"]
[Result "1-0"]
[WhiteElo "2575"]
[BlackElo "2440"]
[PlyCount "83"]
[EventDate "1981.10.08"]
[EventType "tourn"]
[EventRounds "15"]
[EventCountry "CZE"]
[EventCategory "9"]
[SourceTitle "MCD"]
[Source "ChessBase"]
[SourceDate "1999.07.01"]
[SourceVersion "1"]
[SourceVersionDate "1999.07.01"]
[SourceQuality "1"]

1. e4 e5 2. Nf3 Nc6 3. Bc4 Nf6 4. d3 d5 5. exd5 Nxd5 6. O-O Be7 7. Nbd2 Bg4 8.
h3 Bh5 9. Ne4 O-O 10. c3 Kh8 11. Ng3 Bg6 12. Re1 Qd6 13. Bb5 Nf4 14. d4 f6 15.
Nh4 f5 16. Nxg6+ Nxg6 17. dxe5 Ncxe5 18. Qxd6 Bxd6 19. f4 a6 20. Bf1 Nc6 21.
Nh5 Rad8 22. Be3 Rfe8 23. Kf2 Re7 24. Rad1 Rde8 25. b4 Nf8 26. Bd3 h6 27. a3 a5
28. g4 fxg4 29. hxg4 axb4 30. axb4 Nd7 31. Bd2 Rf8 32. Kg2 Rxe1 33. Rxe1 Ne7
34. c4 b6 35. Bc3 Nf6 36. Nxf6 gxf6 37. g5 Ng8 38. Kf3 Kg7 39. Kg4 hxg5 40.
fxg5 Kf7 41. Kh5 Bf4 42. Bg6+ 1-0

[Event "CSR-ch int"]
[Site "Hradec Kralove"]
[Date "1981.10.25"]
[Round "15"]
[White "Dolmatov, Sergey"]
[Black "Ambroz, Jan"]
[Result "1-0"]
[WhiteElo "2575"]
[BlackElo "2485"]
[PlyCount "129"]
[EventDate "1981.10.08"]
[EventType "tourn"]
[EventRounds "15"]
[EventCountry "CZE"]
[EventCategory "9"]
[SourceTitle "MCD"]
[Source "ChessBase"]
[SourceDate "1999.07.01"]
[SourceVersion "1"]
[SourceVersionDate "1999.07.01"]
[SourceQuality "1"]

1. e4 e6 2. d4 d5 3. Nd2 Nf6 4. e5 Nfd7 5. c3 c5 6. f4 Nc6 7. Ndf3 Be7 8. Bd3
f5 9. exf6 Nxf6 10. Ne2 O-O 11. O-O Bd7 12. Kh1 Qb6 13. Rb1 Ne4 14. Be3 Be8 15.
Bxe4 dxe4 16. dxc5 Bxc5 17. Bxc5 Qxc5 18. Ng5 Qd5 19. Qa4 Ne7 20. Qb4 Nc6 21.
Qxe4 Qxe4 22. Nxe4 Bg6 23. N2g3 Ne7 24. Rf3 Rad8 25. Rbf1 Nf5 26. Kg1 Nxg3 27.
Nxg3 Rd2 28. R3f2 Rfd8 29. Re1 Kf7 30. Rxd2 Rxd2 31. Re2 Rd5 32. Kf2 h6 33. a3
Bh7 34. Nf1 Rb5 35. Rd2 Ke7 36. Ne3 Rh5 37. Ng4 Be4 38. Rd4 Bd5 39. Ne3 Bc6 40.
h3 Rb5 41. b4 e5 42. fxe5 Rxe5 43. g4 g6 44. c4 a6 45. c5 Kf7 46. Nc4 Re7 47.
h4 Kg7 48. Nd6 Kg8 49. Rd3 Re6 50. Re3 Rf6+ 51. Kg3 Rf1 52. g5 Rg1+ 53. Kf4
Rf1+ 54. Ke5 Kg7 55. Kd4 Rf4+ 56. Kc3 hxg5 57. hxg5 Kf8 58. a4 Rg4 59. b5 axb5
60. axb5 Rxg5 61. Kb4 Bh1 62. Re8+ Kg7 63. Nxb7 Rg1 64. c6 Rg5 65. Nc5 1-0

[Event "URS-ch49"]
[Site "Frunze"]
[Date "1981.12.??"]
[Round "17"]
[White "Tseshkovsky, Vitaly"]
[Black "Dolmatov, Sergey"]
[Result "1/2-1/2"]
[WhiteElo "2575"]
[BlackElo "2545"]
[PlyCount "96"]
[EventDate "1981.11.??"]
[EventType "tourn"]
[EventRounds "17"]
[EventCountry "URS"]
[EventCategory "12"]
[SourceTitle "URS-ch"]
[Source "ChessBase"]
[SourceDate "1999.07.01"]
[SourceVersion "1"]
[SourceVersionDate "1999.07.01"]
[SourceQuality "1"]

1. e4 e6 2. d4 d5 3. Nd2 c5 4. exd5 exd5 5. Ngf3 Nc6 6. Bb5 Bd6 7. dxc5 Bxc5 8.
Nb3 Bd6 9. O-O Nge7 10. Re1 O-O 11. c3 a6 12. Bd3 h6 13. h3 Bf5 14. Be3 Bxd3
15. Qxd3 Qc7 16. a4 Rad8 17. a5 Qc8 18. Bb6 Bc7 19. Bxc7 Qxc7 20. Nfd4 Ng6 21.
Qg3 Qxg3 22. fxg3 Nxd4 23. cxd4 Rd7 24. Nc5 Rc7 25. Re3 Ne7 26. Rb3 Nc6 27.
Rxb7 Rxb7 28. Nxb7 Rb8 29. Nc5 Rxb2 30. Nxa6 Rb5 31. Nc7 Rxa5 32. Rxa5 Nxa5 33.
Kf2 Nc6 34. Ke3 Ne7 35. g4 Kh7 36. h4 Kg6 37. Kf4 h5 38. Ke5 hxg4 39. Nxd5 Nc6+
40. Ke4 f5+ 41. Kd3 Nd8 42. Ke3 Kh5 43. g3 g5 44. hxg5 Kxg5 45. Nf4 Kf6 46. Kd3
Nf7 47. Kc4 Ng5 48. Ne2 Nh3 1/2-1/2

[Event "Kislovodsk tt"]
[Site "Kislovodsk"]
[Date "1982.??.??"]
[Round "?"]
[White "Dolmatov, Sergey"]
[Black "Kuzmin, Gennadi"]
[Result "1-0"]
[WhiteElo "2590"]
[BlackElo "2545"]
[PlyCount "85"]
[EventDate "1982.??.??"]
[EventType "team"]
[EventRounds "7"]
[EventCountry "URS"]
[SourceTitle "EXT 2002"]
[Source "ChessBase"]
[SourceDate "2001.11.25"]
[SourceVersion "1"]
[SourceVersionDate "2001.11.25"]
[SourceQuality "1"]

1. e4 d6 2. d4 Nf6 3. Bd3 g6 4. c3 Bg7 5. Nf3 O-O 6. O-O Nc6 7. Re1 e5 8. h3 h6
9. Be3 Nh5 10. Nbd2 Nf4 11. Bxf4 exf4 12. b4 Ne7 13. a3 Bd7 14. Nf1 b5 15. Qd2
g5 16. Qe2 a6 17. Rad1 Re8 18. N3h2 Nd5 19. Rc1 Nf6 20. Qc2 Rc8 21. e5 Nd5 22.
c4 Nb6 23. c5 Nd5 24. Nf3 Ne7 25. exd6 cxd6 26. N1d2 Be6 27. Bh7+ Kh8 28. Ne4
dxc5 29. dxc5 Nd5 30. Nd6 Qxd6 31. cxd6 Rxc2 32. Bxc2 Bb2 33. Rcd1 Nf6 34. Bb3
Nd7 35. Nd4 Bxd4 36. Rxd4 Kg7 37. Bd5 Kf6 38. Bc6 Rd8 39. Bxd7 Rxd7 40. Kh2 Kf5
41. g3 Rd8 42. gxf4 gxf4 43. d7 1-0

[Event "Kislovodsk tt"]
[Site "Kislovodsk"]
[Date "1982.??.??"]
[Round "?"]
[White "Lerner, Konstantin"]
[Black "Dolmatov, Sergey"]
[Result "1/2-1/2"]
[WhiteElo "2500"]
[BlackElo "2590"]
[PlyCount "83"]
[EventDate "1982.??.??"]
[EventType "team"]
[EventRounds "7"]
[EventCountry "URS"]
[SourceTitle "EXT 2002"]
[Source "ChessBase"]
[SourceDate "2001.11.25"]
[SourceVersion "1"]
[SourceVersionDate "2001.11.25"]
[SourceQuality "1"]

1. d4 Nf6 2. Nf3 e6 3. c4 c5 4. d5 exd5 5. cxd5 d6 6. Nc3 g6 7. Bg5 h6 8. Bh4
g5 9. Bg3 Nh5 10. e3 Nxg3 11. hxg3 Bg7 12. Bd3 O-O 13. Qc2 f5 14. Nd2 Na6 15.
Nc4 Nb4 16. Qd2 Nxd3+ 17. Qxd3 a6 18. a4 b6 19. O-O Rb8 20. Na3 h5 21. f4 Re8
22. Nc2 g4 23. Kf2 h4 24. Rh1 b5 25. axb5 hxg3+ 26. Kxg3 axb5 27. Nxb5 Bxb2 28.
Ra2 Bg7 29. Na7 Qf6 30. Nxc8 Rbxc8 31. Ra4 Qg6 32. Na3 Rc7 33. Nc4 Bf8 34. Ra6
Rh7 35. Rxh7 Kxh7 36. Ra7+ Kg8 37. Qa3 Qh6 38. Qa4 Re4 39. Ra8 Qf6 40. Re8 Qc3
41. Rxe4 Qe1+ 42. Kh2 1/2-1/2

[Event "Yerevan zt"]
[Site "Yerevan"]
[Date "1982.??.??"]
[Round "1"]
[White "Dolmatov, Sergey"]
[Black "Dorfman, Josif"]
[Result "1-0"]
[WhiteElo "2590"]
[BlackElo "2510"]
[PlyCount "119"]
[EventDate "1982.02.??"]
[EventType "tourn"]
[EventRounds "15"]
[EventCountry "URS"]
[EventCategory "12"]
[SourceTitle "MCL"]
[Source "ChessBase"]
[SourceDate "1999.07.01"]
[SourceVersion "1"]
[SourceVersionDate "1999.07.01"]
[SourceQuality "1"]

1. e4 c5 2. Nf3 d6 3. d4 cxd4 4. Nxd4 Nf6 5. Nc3 g6 6. Be3 Bg7 7. f3 Nc6 8. Qd2
O-O 9. O-O-O d5 10. exd5 Nxd5 11. Nxc6 bxc6 12. Bd4 e5 13. Bc5 Re8 14. Nxd5
cxd5 15. Bb5 d4 16. Bxe8 Qxe8 17. Kb1 Bf5 18. Rc1 Rc8 19. Ba3 Qb5 20. h4 h5 21.
Rhg1 Qd5 22. b3 e4 23. fxe4 Qxe4 24. Bb2 Qxh4 25. Ka1 Qe4 26. Rge1 Qd5 27. Red1
Rd8 28. Qf2 a5 29. a4 Kh7 30. Ka2 Rd7 31. Rd2 d3 32. Bxg7 Kxg7 33. cxd3 Rb7 34.
Rc3 Rb4 35. Ka3 Be6 36. Rb2 Rd4 37. Qg3 Rg4 38. Qc7 Rg5 39. Qb6 h4 40. Rc4 Qe5
41. Rxh4 Rxg2 42. Qd4 Qxd4 43. Rxd4 Rg1 44. Re2 g5 45. Re5 g4 46. Rxa5 g3 47.
Kb4 Kg6 48. Re5 g2 49. Re3 Kf5 50. Rg3 Ke5 51. Re4+ Kd6 52. Re2 Bd5 53. a5 Rb1
54. Rexg2 Rxb3+ 55. Ka4 Rb7 56. Rf2 Kc5 57. Rg4 Rb1 58. Rc2+ Kd6 59. Rb4 Rd1
60. d4 1-0

[Event "Yerevan zt"]
[Site "Yerevan"]
[Date "1982.??.??"]
[Round "2"]
[White "Kuzmin, Gennadi"]
[Black "Dolmatov, Sergey"]
[Result "1-0"]
[WhiteElo "2545"]
[BlackElo "2590"]
[PlyCount "127"]
[EventDate "1982.02.??"]
[EventType "tourn"]
[EventRounds "15"]
[EventCountry "URS"]
[EventCategory "12"]
[SourceTitle "MCL"]
[Source "ChessBase"]
[SourceDate "1999.07.01"]
[SourceVersion "1"]
[SourceVersionDate "1999.07.01"]
[SourceQuality "1"]

1. e4 c5 2. Nf3 Nc6 3. d4 cxd4 4. Nxd4 Nf6 5. Nc3 e5 6. Ndb5 d6 7. Bg5 a6 8.
Na3 b5 9. Bxf6 gxf6 10. Nd5 f5 11. Bd3 Be6 12. O-O Bxd5 13. exd5 Ne7 14. Qh5 e4
15. Be2 Bg7 16. c3 Qd7 17. Rad1 O-O 18. f4 b4 19. cxb4 Rab8 20. Nc4 Rxb4 21.
Kh1 Rb5 22. b3 Nxd5 23. a4 Rc5 24. Rxd5 Rxd5 25. Nb6 Qb7 26. Nxd5 Qxd5 27. Bc4
Qc5 28. Rd1 Kh8 29. Qe2 Rd8 30. Rd5 Qa3 31. g3 Kg8 32. Kg2 Qb4 33. Rxf5 d5 34.
Rxd5 Rxd5 35. Bxd5 a5 36. Kh3 Qd4 37. Bxe4 Bf8 38. Qg4+ Qg7 39. Qh5 Bb4 40. Bd3
Kh8 41. Qf5 Kg8 42. Be4 Qh6+ 43. Kg2 Qg7 44. h4 Qb2+ 45. Kh3 Qg7 46. h5 Kh8 47.
Bd5 Be1 48. Qc8+ Qg8 49. Qxg8+ Kxg8 50. h6 Kf8 51. g4 Bd2 52. Kg3 Kg8 53. Kf3
Kf8 54. g5 Kg8 55. Kg4 Kf8 56. Bc4 Kg8 57. f5 Kf8 58. Kh5 Be3 59. g6 fxg6+ 60.
fxg6 hxg6+ 61. Kxg6 Ke7 62. h7 Bd4 63. Bd5 Bc3 64. Be4 1-0

[Event "Yerevan zt"]
[Site "Yerevan"]
[Date "1982.??.??"]
[Round "3"]
[White "Dolmatov, Sergey"]
[Black "Giorgadze, Tamaz"]
[Result "1/2-1/2"]
[WhiteElo "2590"]
[BlackElo "2500"]
[PlyCount "233"]
[EventDate "1982.02.??"]
[EventType "tourn"]
[EventRounds "15"]
[EventCountry "URS"]
[EventCategory "12"]
[SourceTitle "MCL"]
[Source "ChessBase"]
[SourceDate "1999.07.01"]
[SourceVersion "1"]
[SourceVersionDate "1999.07.01"]
[SourceQuality "1"]

1. e4 c5 2. Nf3 d6 3. d4 cxd4 4. Nxd4 Nf6 5. Nc3 a6 6. f4 e5 7. Nf3 Nbd7 8. a4
Be7 9. Bc4 Qa5 10. Bd5 Nxd5 11. Qxd5 Qc7 12. f5 Nf6 13. Qd3 h6 14. Be3 Bd7 15.
Nd2 Rc8 16. a5 d5 17. exd5 Bb4 18. Bb6 Qd6 19. O-O Bxc3 20. bxc3 Qxd5 21. c4
Qxd3 22. cxd3 O-O 23. Rae1 Rfe8 24. Re2 Bc6 25. Rfe1 Nd7 26. Bf2 Red8 27. Nb3
Ba4 28. Nc1 f6 29. Ra2 Bc6 30. Ra3 Nf8 31. Bb6 Rd6 32. Na2 g6 33. fxg6 Nxg6 34.
g3 Kf7 35. Nb4 Be8 36. Kf2 Ne7 37. Rb3 h5 38. Rb2 Bd7 39. Rb3 Be6 40. Be3 Rd7
41. Bb6 Rh8 42. h4 Rg8 43. Rg1 Nf5 44. Rb2 Rg4 45. Kf3 Nd6 46. Kf2 e4 47. c5
Nb5 48. dxe4 Nc3 49. c6 bxc6 50. Nxa6 Nxe4+ 51. Ke1 Bc4 52. Nc5 Nxc5 53. Bxc5
Rd5 54. Bb6 Re4+ 55. Kf2 Rf5+ 56. Kg2 Bd5 57. Kh2 Ra4 58. Rc1 Rf3 59. Bc7 f5
60. Rd1 Ke6 61. Re1+ Be4 62. Rd2 Rfa3 63. Kg1 Ra2 64. Rxa2 Rxa2 65. Rc1 Kd7 66.
Bb6 Ra3 67. Kf2 Kc8 68. Rd1 Bd5 69. Rb1 Be4 70. Rd1 Kb7 71. Rd7+ Ka6 72. Rh7
Rf3+ 73. Ke1 Rxg3 74. Rxh5 Kb5 75. Rh8 c5 76. Rb8 Re3+ 77. Kd2 Rd3+ 78. Ke2 c4
79. Bd8+ Ka6 80. Rb6+ Ka7 81. Bg5 c3 82. Rb5 Rh3 83. Rc5 Ka6 84. Bf4 c2 85. Bg5
Rh1 86. Kf2 Rh3 87. Ke2 Kb7 88. Kd2 Rf3 89. Ke2 f4 90. Rxc2 Re3+ 91. Kd2 Bxc2
92. Kxc2 Re4 93. Kd3 f3 94. Be3 Rxh4 95. Bf2 Rf4 96. Ke3 Rf7 97. Bg3 Ka6 98.
Kf2 Kxa5 99. Be5 Kb5 100. Bd4 Kc4 101. Bb6 Kd3 102. Bc5 Ke4 103. Bb6 Rf5 104.
Ba7 Rf6 105. Bc5 Ra6 106. Kf1 Rc6 107. Ba7 Rc2 108. Bb6 Kf4 109. Bd4 Kg4 110.
Ba7 Rh2 111. Bb6 f2 112. Ke2 Kg3 113. Bc5 Rg2 114. Bb6 f1=Q+ 115. Kxf1 Kf3 116.
Ke1 Ra2 117. Bc5 1/2-1/2